[Event "Bellpuig op 2nd"]
[Site "Bellpuig"]
[Date "2012.01.28"]
[Round "3"]
[White "Marti Trilla, Aleix"]
[Black "Aubach Soteres, Santiago"]
[Result "0-1"]
[WhiteElo "1492"]
[BlackElo "1775"]
[PlyCount "60"]
[EventDate "2012.01.14"]
[EventType "swiss"]
[EventRounds "8"]
[EventCountry "ESP"]
[SourceTitle "EXT 2014"]
[Source "ChessBase"]
[SourceDate "2013.11.20"]
[SourceVersion "1"]
[SourceVersionDate "2013.11.20"]
[SourceQuality "1"]

1. e4 d5 2. exd5 Qxd5 3. Nc3 Qe5+ 4. Be2 Bg4 5. d4 Bxe2 6. Ngxe2 Qd6 7. Bf4 Qd8 8. Nb5 Na6 9. Qd2 c6 10. Nbc3 e6 11. 0-0-0 Nf6 12. f3 Bb4 13. a3 Ba5 14. Qd3 0-0 15. g4 Nc7 16. g5 Nfd5 17. Bd2 Nxc3 18. Nxc3 Nd5 19. h4 Nxc3 20. Bxc3 Bxc3 21. Qxc3 Qd5 22. f4 Rac8 23. h5 c5 24. Rdg1 cxd4 25. Qg3 d3 26. c3 Rfd8 27. g6 d2+ 28. Kd1 Qb3+ 29. Ke2 d1Q+ 30. Rxd1 Rxd1 0-1